Gesetzgebung und Dogmatik
Guardado en:
| Autores principales: | , |
|---|---|
| Formato: | Libro |
| Lenguaje: | alemán |
| Publicado: |
Gotinga
Vandenhoeck & Ruprecht
2004
|
| Edición: | 2a. ed |
| Colección: | Philologisch-Historische Klasse Dritte Folge, 178
|
| Materias: | |
| Etiquetas: |
Agregar Etiqueta
Sin Etiquetas, Sea el primero en etiquetar este registro!
|
MARC
| LEADER | 00000nam a2200000 a 4500 | ||
|---|---|---|---|
| 001 | UCK9299 | ||
| 003 | CL-VaPUC | ||
| 005 | 20211223074350.0 | ||
| 008 | 060428e20040000gw 1 ger d | ||
| 020 | |a 3525824629 | ||
| 082 | 0 | 4 | |a 340.53 |b BEH |2 21 |
| 100 | 1 | |a Behrends, Okko |e author |9 620860 | |
| 700 | 1 | |a Henckel, Wolfram |e author |9 620861 | |
| 245 | 1 | 0 | |a Gesetzgebung und Dogmatik |
| 250 | |a 2a. ed | ||
| 260 | |a Gotinga |b Vandenhoeck & Ruprecht |c 2004 | ||
| 300 | |a 158 p | ||
| 490 | 0 | |a Philologisch-Historische Klasse Dritte Folge, 178 | |
| 583 | |a last modification |c 20190826 10:15:49 |k Rodrigo Vera | ||
| 650 | 0 | 0 | |a Derecho europeo |9 391498 |
| 650 | 0 | 0 | |a Historia del derecho |9 255109 |
| 650 | 0 | 0 | |a Jurisprudencia |9 255952 |
| 650 | 0 | 0 | |a Fuentes del derecho |9 255162 |
| 650 | 0 | 0 | |a Dogmática jurídica |9 337910 |
| 942 | |c BK | ||
| 945 | |a cmena |d 20060428 00:00:00 | ||
| 546 | |a En Alemán | ||
| 536 | |a Akademie der Wissenchaften in Göttingen | ||
| 518 | |p Symposio Die Funktion des Gesetzes in Geschichte und Gegenwart, 1, Göttingen, 29 und 30 april 1988 | ||
| 999 | |c 384189 |d 384187 | ||
| 952 | |0 0 |1 0 |4 0 |6 340_530000000000000_BEH_2004 |7 0 |8 DER_HIS |9 506788 |a BIBDER |b BIBDER |d 2020-01-23 |i 4216474 |l 1 |o 340.53 BEH 2004 |p 4216474 |r 2023-01-25 |s 2020-03-17 |w 2020-01-23 |x Ubicación 4to Piso |y BK |z Estos recursos deben solicitarse con anticipación |k DER | ||